| 000 | 01410nam a22003497a 4500 | ||
|---|---|---|---|
| 003 | EG-ScBUE | ||
| 005 | 20250622083947.0 | ||
| 008 | 100428s1993 ua f 001 0aara d | ||
| 017 | _a1993/7307 | ||
| 040 |
_aEG-ScBUE _bara _erda _cEG-ScBUE _dEG-ScBUE |
||
| 041 | 1 |
_aara _hger |
|
| 043 | _ae-gw--- | ||
| 082 | 0 | 4 |
_a297.092 _bهـ و ف _222 |
| 100 | 1 |
_913721 _aهوفمان، مراد ويلفريد، _eمؤلف. |
|
| 245 | 1 | 0 |
_aيوميات ألماني مسلم / _cمراد ويلفريد هوفمان ؛ ترجمة د. عباس رشدي العماري. |
| 250 | _aالطبعة الأولى. | ||
| 264 | 1 |
_aالقاهرة : _bمركز الأهرام للترجمة والنشر، _c1993. |
|
| 300 |
_a238 صفحة ؛ _c20 سم |
||
| 336 |
_2rdacontent _aنص _btxt |
||
| 337 |
_2rdamedia _aبدون وسيط _bn |
||
| 338 |
_2rdacarrier _aمجلد _bnc |
||
| 500 | _aيشتمل على كشافات. | ||
| 541 |
_cإهداء ؛ _aعلاء عبد الغني |
||
| 546 | _aالنص باللغة العربية وتم ترجمته من اللغة الألمانية. | ||
| 600 | 1 | 7 |
_913721 _aهوفمان، مراد ويلفريد _vالمذكرات. _2BUEsh |
| 650 | 7 |
_aالمحامون الألمان _vتراجم. _2BUEsh _916114 |
|
| 651 | _2BUEsh | ||
| 653 |
_bGGEN _cMay2021 |
||
| 655 | _vReading book | ||
| 700 | 1 |
_913725 _aالعماري، عباس رشدي، _eمترجم. |
|
| 942 |
_2ddc _cBB |
||
| 999 |
_c13949 _d13949 |
||